A question of time (Record no. 72696)
[ view plain ]
| 000 -LEADER | |
|---|---|
| fixed length control field | 01336cam a2200229 4500 |
| 001 - CONTROL NUMBER | |
| control field | ABS66714 |
| 008 - FIXED-LENGTH DATA ELEMENTS--GENERAL INFORMATION | |
| fixed length control field | 030520n2003 000 0 eng u |
| 035 ## - SYSTEM CONTROL NUMBER | |
| System control number | (Sirsi) u122328 |
| 100 ## - MAIN ENTRY--PERSONAL NAME | |
| Personal name | Martin, G. |
| 245 #2 - TITLE STATEMENT | |
| Title | A question of time |
| 260 ## - PUBLICATION, DISTRIBUTION, ETC. | |
| Date of publication, distribution, etc. | 2003 |
| 490 ## - SERIES STATEMENT | |
| Series statement | Inside Housing |
| Volume/sequential designation | 20(17) 2 May 2003, 16-17(2) |
| 520 ## - SUMMARY, ETC. | |
| Summary, etc. | Examines mixed tenure's valuable role in creating social balance in sustainable communities. Looks at how the simple approach of selling off a proportion of vacant properties rather than re-letting them can improve the quality of an estate and endorses the view that new developments of affordable rented housing are best carried out as a part of wider mixed tenure developments. Reports on research into how much councils and housing associations have been buying into the concept of social balance through mixed tenure communities, with more than 70% of councils and housing associations involved in at least one initiative to rebalance their stock through tenure change either by new provision or sale of vacants. Tables cover mixing tenures, sales pitch and selling tips. |
| 590 ## - LOCAL NOTE (RLIN) | |
| Local note | ABS |
| 650 ## - SUBJECT ADDED ENTRY--TOPICAL TERM | |
| Topical term or geographic name entry element | MIXED TENURE |
| 650 ## - SUBJECT ADDED ENTRY--TOPICAL TERM | |
| Topical term or geographic name entry element | RENTED HOUSING |
| 650 ## - SUBJECT ADDED ENTRY--TOPICAL TERM | |
| Topical term or geographic name entry element | VACANT HOUSING |
| 650 ## - SUBJECT ADDED ENTRY--TOPICAL TERM | |
| Topical term or geographic name entry element | SUSTAINABLE COMMUNITIES |
| 690 ## - LOCAL SUBJECT ADDED ENTRY--TOPICAL TERM (OCLC, RLIN) | |
| Topical term or geographic name as entry element | Affordable housing |
| 9 (RLIN) | 6215 |
| 700 ## - ADDED ENTRY--PERSONAL NAME | |
| Personal name | Watkinson, J. |
| 942 ## - ADDED ENTRY ELEMENTS (KOHA) | |
| Suppress in OPAC | 0 |
| Withdrawn status | Lost status | Source of classification or shelving scheme | Damaged status | Not for loan | Home library | Current library | Shelving location | Date acquired | Total Checkouts | Full call number | Barcode | Date last seen | Copy number | Price effective from | Koha item type |
|---|---|---|---|---|---|---|---|---|---|---|---|---|---|---|---|
| Dewey Decimal Classification | London | London | Journal article | 20/05/2003 | ABS66174 | 122328-1001 | 06/08/2019 | 1 | 06/08/2019 | Journal article |